|
|
|
|
| LEADER |
00000nam a2200000 a 4500 |
| 001 |
vtls001403979 |
| 003 |
SK-MaSNL |
| 005 |
20260301202018.0 |
| 008 |
240313suuuu xx 0 und |
| 035 |
|
|
|a SNK000358539
|
| 040 |
|
|
|a SNK
|b slo
|c SNK
|e AACR2
|
| 100 |
1 |
|
|a Figuš-Bystrý, Viliam,
|d 1875-1937
|4 aut
|9 166812
|
| 245 |
1 |
|
|a 1000 slovenských ľudových piesní
|
| 260 |
|
|
|a v Banskej Bystrici
|b Bohuslav Klimo
|
| 300 |
|
|
|a 24 s.
|
| 999 |
|
|
|c 897204
|d 899134
|
| 952 |
|
|
|t P60, <04>, [BOOK], {604}
|a SNK
|b SNK
|y VYP
|7 0
|p 17A0263062
|o snkHB 3092/4/1
|0 0
|1 0
|4 0
|d 2001-01-04
|l 0
|r 2005-01-02 00:00:00
|w 2026-02-24
|